Metody poiska i presledovanija podvižnych ob´jektov /

Uložené v:
Podrobná bibliografia
Hlavný autor: Kim, Dmitrij Petrovič (Author)
Médium: Kniha
Jazyk:Russian
Vydané: Moskva : Nauka, 1989
Vydanie:1. izd.
ISBN: 502014097X (viaz.)
Fyzický popis: 336 s.
Tagy: Pridať tag
Žiadne tagy, Buďte prvý kto otaguje tento záznam!

MARC

LEADER 00000nam a2200000 a 4500
001 000259019
005 20060704103832.0
008 060704s1989 ru e 000 0 ruso
020 |a 502014097X (viaz.) 
040 |a SVKKK  |b slo  |c SVKKK  |e AACR2 
041 0 |a rus 
044 |a ru  |c RU 
100 1 |a Kim, Dmitrij Petrovič  |4 aut 
245 1 0 |a Metody poiska i presledovanija podvižnych ob´jektov /  |c Dmitrij Petrovič Kim 
250 |a 1. izd. 
260 |a Moskva :  |b Nauka,  |c 1989 
300 |a 336 s. 
919 |a 5-02-014097-X 
998 |a BK 
090 |g SCKHL  |k Sklad Pribinova 2. posch.  |a III.155530  |j 817132  |i B51101  |4 Zastaraná  |s Vyradená